Bundesliga Top20 Marktwerte - Statistiken

Allgemein
  • Dieses Quiz wurde 419 mal gespielt
  • Das Durchschnittsergebnis liegt bei 13 aus 21
Antwortstatistiken
# Verein Marktwert Spieler % Korrekt
1 Borussia Dortmund 110 Mio Erling Haaland
95%
3 Bayern München 90 Mio Joshua Kimmich
94%
2 Borussia Dortmund 100 Mio Jadon Sancho
88%
5 Bayern München 70 Mio Leroy Sané
88%
9 Bayern München 60 Mio Robert Lewandowski
88%
5 Bayern München 70 Mio Serge Gnabry
88%
5 Bayern München 70 Mio Leon Goretzka
84%
16 RB Leipzig 40 Mio Christopher Nkunku
72%
8 Bayern München 65 Mio Kingsley Coman
72%
12 Bayer Leverkusen 45 Mio Florian Wirtz
70%
4 Bayern München 75 Mio Alphonso Davies
69%
9 RB Leipzig 60 Mio Dayot Upamecano
68%
12 Bayern München 45 Mio Lucas Hernández
63%
14 Eintracht Frankfurt 42 Mio André Silva
48%
18 Bayer Leverkusen 38 Mio Moussa Diaby
41%
11 Bayern München 55 Mio David Alaba
37%
18 RB Leipzig 38 Mio Dani Olmo
34%
18 Borussia Mönchengladbach 38 Mio Florian Neuhaus
33%
14 RB Leipzig 42 Mio Marcel Sabitzer
31%
18 Borussia Dortmund 38 Mio Giovanni Reyna
19%
16 Bayer Leverkusen 40 Mio Edmond Tapsoba
14%
Keine übereinstimmenden Quizze gefunden
Verteilung der Resultate
Anzahl Personen mit jedem Resultat
Perzentil nach korrekt beantworteten Fragen
Ihre Resultats-Entwicklung
Sie haben dieses Quiz noch nicht gespielt